| 000 | 00714nam a22002177a 4500 | ||
|---|---|---|---|
| 005 | 20251108172945.0 | ||
| 008 | 250721s2001 xx 000 0 ara d | ||
| 082 | 1 | 4 | _a616.83/ علي |
| 100 | 1 | _aأبو عليم، إبراهيم حسين | |
| 245 | 1 | 0 | _aالشلل الدماغي / |
| 246 | 1 | 1 | _aCEREBRAL PALSY |
| 264 | 1 |
_aعنيزة : _bالجمعية الخيرية لرعاية المعاقين، _c2001. |
|
| 300 | _a250ص. | ||
| 490 | 0 |
_aسلسلة المعرفة من أجل الوقاية و التأهيل _v7 |
|
| 650 | 1 | 7 | _aالشلل الدماغي |
| 650 | 1 | 7 | _aالأمراض |
| 650 | 1 | 7 | _aالدماغ |
| 700 | 1 | _aالعبادي، إياس عطية | |
| 942 |
_2ddc _cBK |
||
| 999 |
_c92750 _d92750 |
||